Carregant...

Electronic devices and linear circuits

Dades bibliogràfiques
Autor principal: Garud, G N; Jain, L C
Format: Printed Book
Publicat: TATA McGraw-Hill Publishing Co., New Delhi 1983
Matèries:
LEADER 00559nam a2200193 4500
020 |c 48 
082 |a 621.3815 GAR-E 
100 |a Garud, G N; Jain, L C 
245 |a Electronic devices and linear circuits 
250
260 |a TATA McGraw-Hill Publishing Co., New Delhi  |c 1983 
300 |a 483 
490
500
590 |a VMV  |c 48 
650 |a Electronic apparatus and appliances 
942 |c BK 
999 |c 82012  |d 82012 
952 |0 0  |1 0  |4 0  |6 621_381500000000000_GARE  |7 0  |9 95480  |a PHY  |b PHY  |g 48.00  |l 0  |o 621.3815 GAR-E  |p PHY03691  |r 2019-09-24  |w 2019-09-24  |y BK